000 00900nam a2200193Ia 4500
008 220216s9999 xx 000 0 und d
100 _aMercykutty V C
245 0 _aEffects of water storage on seed germination and seedling growth of rubber (Hevea brasiliensis Muell Arg.)
260 _bPlanter
_c1996
300 _a367-373
520 _aFresh rubber seeds stored under ambient conditions in water gave 45 perr cent germination even after 20 days as compared to zero germination o fseeds stored under open air conditions. The water storage treatment was better than the open air storage for seed moisture content, germination percentage and all growth attributes except for number of lateral roots.
650 _aGermination percentage
650 _aRubber seeds
650 _aWater storage
700 _aPremakumary D
700 _aSaraswathyamma C K
700 _aThomas V
942 _cJS
999 _c58399
_d58399